TRES ENSAYOS DE SOCIOLOGIA POLITICA NACIONAL /

I tiakina i:
Ngā taipitopito rārangi puna kōrero
Kaituhi matua: Mendieta y Núñez, Lucio (autor)
Hōputu: Pukapuka
Rangatū:CUADERNOS DE SOCIOLOGIA
Ngā marau:
Ngā Tūtohu: Tāpirihia he Tūtohu
Kāore He Tūtohu, Me noho koe te mea tuatahi ki te tūtohu i tēnei pūkete!

MARC

LEADER 00000nam^a2200000^a^4500
001 000238578
005 20250521000000.0
009 20260310105018.428
035 |a 052430 
037 |a Acervo Xavier Clavigero 
082 |a 306. 2  |b MEN 
100 |a Mendieta y Núñez, Lucio  |e (autor) 
245 1 0 |a TRES ENSAYOS DE SOCIOLOGIA POLITICA NACIONAL /  |c LUCIO MENDIETA Y NUÑEZ 
264 |a México :  |b UNAM,  |c 1944 
300 |a 166 p. 
336 |a texto  |b txt  |2 rdacontenido 
337 |a sin mediación  |b n  |2 rdamedio 
338 |a volumen  |b nc  |2 rdasoporte 
440 |a CUADERNOS DE SOCIOLOGIA 
649 |a XX 
650 |a Sociología Política 
650 |a Política -  |z México 
910 |a Fondo General 
920 |a Impresos - Libros 
930 |a Colección General 
905 |a 101 
901 |a 052430  |b IT1  |c ACC  |i 052430  |u 20250521 
902 |a https://opac.biblio.iteso.mx/vufind/Record/000238578